000 00720nam a2200217Ii 4500
003 JO-AjNU
008 230605s9999||||xx |||||||||||||| ||und||
020 _a9953-82-091-0
040 _aJO-AjNU
_bara
_erda
_cJO-AjNU
041 _aara
050 1 4 _aNA2500.J53 2006
100 3 _aالجادرجي، رفعة تأليف,
_eauthor
_939403
245 0 0 _aفي سببية وجدلية العمارة
250 _aط1
264 3 1 _aبيروت:مركز دراسات الوحدة العربية,2006
300 _a398ص
336 _atext
_btxt
_2rdacontent
337 _aunmediated
_bn
_2rdamedia
338 _avolume
_bnc
_2rdacarrier
650 4 _aالعمارة العربية-العمارة الاسلامية
_939404
999 _aA16638
_c20206
_d20206